000 01565nam a22003490a 4500
001 PT3947
003 AR-LpoUNG
005 20210131231609.0
008 191001s1991||||ag |||||||||||||||||spa d
020 _a9504000649
_c$33.33
040 _aAR-LpoUNG
_bspa
_cAR-LpoUNG
_eaacr
041 _aspa
044 _aag
082 0 _a909.1 813amo
100 1 _aDuby, Georges
245 1 3 _aEl amor en la Edad Media y otros ensayos
250 _a1ra. ed.
260 _aBuenos Aires :
_bAlianza,
_c1991.
300 _a228 p. :
_bgráfs.
520 _a<p>Esta obra reúne numerosos trabajos escritos por Duby en diversas circunstancias. El autor entra en un terreno poco conocido, en el cual descubre que toda la información a la que tiene acceso es proporcionada por hombres convencidos de la superioridad de su sexo, a pesar de lo cual no dejan de hablar de las mujeres, seres a los que temen y que, para tranquilizarse, desprecian. A través de estos testimonios Duby pretende descubrir la parte oculta, la femenina. Aunque el tema central de este libro es el amor y el matrimonio, también se abordan problemas relacionados con las estructuras de parentesco, la metodología de la historia cultural, el dolor físico en el Medioevo o las herejías en la Europa Preindustrial.</p>
650 4 _aCULTURA
650 4 _aESTADO
650 4 _aESTRUCTURA SOCIAL
650 4 _aFAMILIA
650 4 _aMATRIMONIO
650 4 _aPARENTESCO
650 4 _aVIDA FAMILIAR
651 4 _aEuropa
700 1 _aArtola, Ricardo
_etr.
905 _a3947
942 _cLIB
999 _c10915
_d10915